[Event "Reykjavik op"]
[Site "Reykjavik"]
[Date "2024.03.20"]
[Round "8"]
[White "Glasschroeder, Maximilian"]
[Black "Hasini, Kamabathula"]
[Result "1-0"]
[WhiteElo "1833"]
[BlackElo "1612"]
[PlyCount "123"]
[EventDate "2024.03.15"]
[EventType "swiss"]
[EventRounds "9"]
[EventCountry "ISL"]
[SourceTitle "CB13_2024"]
[SourceDate "2024.03.27"]
[SourceVersion "1"]
[SourceVersionDate "2024.03.27"]
[SourceQuality "1"]

1. e4 e5 2. Nf3 Nc6 3. d4 exd4 4. Nxd4 d6 5. Nc3 Nf6 6. Bf4 Be7 7. Qd2 Nh5 8. Be3 Nxd4 9. Qxd4 Bf6 10. Qd2 Bxc3 11. Qxc3 Nf6 12. 0-0-0 Qe7 13. e5 Ne4 14. Qc4 Qxe5 15. Qxc7 Qe7 16. Bb5+ Kf8 17. Qxe7+ Kxe7 18. Rhe1 Be6 19. f3 Nf6 20. Bf4 Rhd8 21. Re3 Rac8 22. Red3 Bf5 23. Re3+ Be6 24. Rd4 Rc5 25. Bc4 Nh5 26. Bb3 Nxf4 27. Rxf4 Re5 28. Rc3 Bxb3 29. axb3 Rc5 30. Re4+ Kf6 31. Rd3 Re5 32. Rf4+ Ke6 33. Kd2 g5 34. Rc4 Kd7 35. Rdc3 Rd5+ 36. Kc1 Ke7 37. Rc7+ Rd7 38. Rc8 h5 39. g3 g4 40. Rg8 gxf3 41. Rxf3 Rc7 42. Rh8 Rdc5 43. c3 Re5 44. Rh6 b6 45. Rhf6 Kf8 46. Rxd6 Rce7 47. Rd2 Re2 48. Rf2 Rxf2 49. Rxf2 Re4 50. Rf5 h4 51. Rf4 Rxf4 52. gxf4 f5 53. b4 Ke7 54. Kd2 Kd6 55. Kd3 a5 56. bxa5 bxa5 57. h3 Kd5 58. b3 Kc5 59. Kd2 Kd5 60. Ke3 Kc5 61. Kd3 Kd5 62. c4+ 1-0

[Event "Reykjavik op"]
[Site "Reykjavik"]
[Date "2024.03.17"]
[Round "4"]
[White "Glasschroeder, Maximilian"]
[Black "Bottema, Martin"]
[Result "0-1"]
[WhiteElo "1833"]
[BlackElo "2053"]
[PlyCount "62"]
[EventDate "2024.03.15"]
[EventType "swiss"]
[EventRounds "9"]
[EventCountry "ISL"]
[SourceTitle "CB13_2024"]
[SourceDate "2024.03.27"]
[SourceVersion "1"]
[SourceVersionDate "2024.03.27"]
[SourceQuality "1"]

1. e4 e5 2. Nf3 Nc6 3. d4 exd4 4. Nxd4 Nf6 5. Nxc6 bxc6 6. e5 Qe7 7. Qe2 Nd5 8. h4 f6 9. exf6 Qxe2+ 10. Bxe2 Nxf6 11. 0-0 Bc5 12. Nd2 0-0 13. Nf3 d6 14. Bc4+ Kh8 15. Ng5 h6 16. Nf3 Bg4 17. Nd2 Rae8 18. Nb3 Bb6 19. Bd2 Be2 20. Bxe2 Rxe2 21. Rae1 Rxf2 22. Kh1 Ng4 23. Rxf2 Bxf2 24. Rf1 Re8 25. c4 Kg8 26. Na5 Re2 27. Bc3 Bxh4 28. Rf4 h5 29. Nxc6 Rc2 30. Rf1 Ne3 31. Rf3 Rc1+ 0-1